| 000 | 00808cam a22002292 4500 | ||
|---|---|---|---|
| 001 | 6415986 | ||
| 003 | ARRUPE | ||
| 005 | 20140312142904.0 | ||
| 008 | 821214s1899 enkacf 000 0 eng | ||
| 010 | _a 33018125 | ||
| 040 |
_aDLC _cCarP _dDLC |
||
| 043 | _af-sa--- | ||
| 050 | 0 | 0 |
_aDT731 _b.B4 |
| 100 | 1 |
_aBell, N. [from old catalog] _99055 |
|
| 245 | 1 | 0 |
_aHeroes of discovery in South Africa, _cby N. Bell ... |
| 260 |
_aLondon, _aFelling-on-Tyne, _aNew York, _aMelbourne, _bThe Walter Scott publishing co., ltd. _c[1899] |
||
| 300 |
_a4 p.l., [3]-418 p. _bfront., illus., plates, ports. _c19 cm. |
||
| 600 |
_xDiscovery and Exploration _zSouth Africa _99056 |
||
| 651 | 0 |
_aSouth Africa _xDiscovery and exploration. _99057 |
|
| 906 |
_a0 _bcbc _cpremver _du _encip _f19 _gy-gencatlg |
||
| 942 |
_2lcc _cREFERENCE |
||
| 999 |
_c120193 _d120193 |
||